Starší zaměstnanci zlepšují vztahy
Starnutie zákazníkov ako aj zamestnancov ako príležitosť pre zlepšenie vzťahov so zákazníkmi. Príklad prístupu k starším zamestnancom vo švajčiarskej banke. Zlepšovanie kvality služieb pre starších zákazníkov. Starší skúsení zamestnanci ako vedúci pracovníci na úrovni stredného manažmentu alebo ako...
Saved in:
| Main Author: | |
|---|---|
| Format: | Book Chapter |
| Language: | Czech |
| Subjects: | |
| Tags: |
No Tags, Be the first to tag this record!
|
MARC
| LEADER | 00000naa$a2200000$$$4500 | ||
|---|---|---|---|
| 001 | 0110287 | ||
| 005 | 20231213140253.0 | ||
| 041 | 0 | |a cze | |
| 044 | |a CZ | ||
| 245 | 1 | 0 | |a Starší zaměstnanci zlepšují vztahy |c Roger Stettler |
| 520 | |a Starnutie zákazníkov ako aj zamestnancov ako príležitosť pre zlepšenie vzťahov so zákazníkmi. Príklad prístupu k starším zamestnancom vo švajčiarskej banke. Zlepšovanie kvality služieb pre starších zákazníkov. Starší skúsení zamestnanci ako vedúci pracovníci na úrovni stredného manažmentu alebo ako poradcovia. Zvyšovanie miezd s vekom zamestnancov. Vzdelávanie starších zamestnancov ako dobrá investícia za predpokladu, že bude vylúčená politika predčasného penzionovania. | ||
| 610 | 2 | 0 | |a zamestnanci |
| 610 | 2 | 0 | |a vek |
| 610 | 2 | 0 | |a zákazníci |
| 610 | 2 | 0 | |a starnutie populácie |
| 610 | 2 | 0 | |a služby |
| 610 | 2 | 0 | |a kvalita |
| 610 | 2 | 0 | |a mzdy |
| 610 | 2 | 0 | |a vzdelávanie |
| 100 | 1 | |a Stettler, Roger | |